| 000 | 00731nam a22002175a 4500 | ||
|---|---|---|---|
| 005 | 20161221112908.0 | ||
| 008 | 161221t2009 maua frb 001 0 eng d | ||
| 020 | _a9788131222904 | ||
| 040 |
_aEG-ScBUE _beng _cEG-ScBUE _dEG-ScBUE |
||
| 082 | 0 | 4 |
_222 _a621.3822 _bMAL |
| 100 | 1 | _aMallat, Stéphane. | |
| 245 | 1 | 2 |
_aA wavelet tour of signal processing : _bthe sparse way / _cStéphane Mallat. |
| 260 |
_aBurlington : _bAcademic Press / Elsevier, _cc.2009. |
||
| 300 |
_axx, 805 p. : _bill. ; _c24 cm. |
||
| 500 | _aIndex : p. 795-805. | ||
| 504 | _aBibliography : p. 765-793. | ||
| 650 | 7 |
_2BUEsh _aWavelets (Mathematics) |
|
| 650 | 7 |
_2BUEsh _936820 _aSignal processing _xMathematics |
|
| 653 |
_bBUSADM _cDecember2016 |
||
| 942 | _2ddc | ||
| 999 |
_c23665 _d23637 |
||